书目信息 |
| 题名: |
案例国际经济法学
|
|
| 作者: | 胡充寒 , 刘健 编著 | |
| 分册: | ||
| 出版信息: | 长沙 中南工业大学出版社 1999.11 |
|
| 页数: | 437页 | |
| 开本: | 32开 | |
| 丛书名: | ||
| 单 册: | ||
| 中图分类: | D912.295 | |
| 科图分类: | ||
| 主题词: | 法学--部门 | |
| 电子资源: | ||
| ISBN: | 7-81061-269-7 | |
| 000 | 00603nam0 2200205 45 | |
| 001 | 0007241096 | |
| 005 | 20000724105639.5 | |
| 010 | @a7-81061-269-7@d16.00元 | |
| 100 | @a20000724d1999 km y0chiy0120 ea | |
| 101 | 0 | @achi |
| 105 | @a z 000yy | |
| 200 | 1 | @a案例国际经济法学@AAn Li Guo Ji Jing Ji Fa Xue@f胡充寒,刘健编著@FHu Chong Han,Liu Jian Bian Zhu |
| 210 | @a长沙@c中南工业大学出版社@d1999.11 | |
| 215 | @a437页@d32开 | |
| 606 | 0 | @a法学@x部门 |
| 690 | @aD912.295@v3 | |
| 701 | 0 | @a胡充寒@4编著 |
| 701 | 0 | @a刘健@4编著 |
| 801 | @aCN@bPftUser@c20000724 | |
| 905 | @b75923-927@dD912.295@eH289@f5 | |
| 案例国际经济法学/胡充寒,刘健编著.-长沙:中南工业大学出版社,1999.11 |
| 437页;32开 |
| ISBN 7-81061-269-7:16.00元 |
| ● |
| 相关链接 |
|
|
|
正题名:案例国际经济法学
索取号:D912.295/H289
 
预约/预借
| 序号 | 登录号 | 条形码 | 馆藏地/架位号 | 状态 | 备注 |
| 1 | 1548406 | 215484063 | 社科库509/509社科库 81排3列1层/ | 在馆 | |
| 2 | 1548407 | 215484072 | 社科库509/509社科库 81排3列1层/ | 在馆 | |
| 3 | 1548408 | 215484081 | 社科库509/509社科库 81排3列1层/ | 在馆 | |
| 4 | 1548409 | 215484090 | 社科库509/509社科库 81排3列1层/ | 在馆 | |
| 5 | 75923 | 200759232 | 社科库509/509社科库 81排3列1层/ [索取号:D912.295/H289] | 在馆 | |
| 6 | 75924 | 200759241 | 社科库509/509社科库 92排7列3层/ [索取号:D912.295/H289] | 在馆 | |
| 7 | 75925 | 200759250 | 社科库509/509社科库 92排7列3层/ [索取号:D912.295/H289] | 在馆 | |
| 8 | 75927 | 200759278 | 社科库509/509社科库 92排7列3层/ [索取号:D912.295/H289] | 在馆 |